[Event "Titled Tuesday intern op 19th Dec Early"]
[Site "Chess.com INT"]
[Date "2023.12.19"]
[Round "3"]
[White "Fishchuk, Vladyslav"]
[Black "Marin Pincheira, Carlos"]
[Result "0-1"]
[WhiteElo "2198"]
[BlackElo "2127"]
[PlyCount "64"]
[EventDate "2023.12.19"]
[EventType "swiss (blitz)"]
[EventRounds "11"]
[EventCountry "USA"]
[SourceTitle "CB52_2023"]
[SourceDate "2023.12.27"]
[SourceVersion "1"]
[SourceVersionDate "2023.12.27"]
[SourceQuality "1"]

1. Nc3 d5 2. e4 dxe4 3. Nxe4 Bf5 4. Qf3 Qd5 5. Nf6+ Nxf6 6. b3 Qe5+ 7. Ne2 Be4 8. Qc3 Nc6 9. d4 Qd5 10. f3 Bg6 11. Qd2 e6 12. Bb2 0-0-0 13. 0-0-0 Qa5 14. Qe3 Qxa2 15. Nc3 Qa5 16. Kb1 Ba3 17. Ba1 Nd5 18. Nxd5 exd5 19. Bd3 Rhe8 20. Qf4 Bd6 21. Qg4+ Kb8 22. Bxg6 hxg6 23. Bb2 Nb4 24. Rhe1 Qa2+ 25. Kc1 Nc6 26. h4 Ba3 27. Bxa3 Qxa3+ 28. Kd2 Qb4+ 29. Kc1 Rxe1 30. Rxe1 Qxe1+ 31. Kb2 Qe6 32. c3 Qxg4 0-1

[Event "Titled Tuesday intern op 08th Sept"]
[Site "Chess.com INT"]
[Date "2020.09.08"]
[Round "3"]
[White "Buksa, Nataliya"]
[Black "Marin Pincheira, Carlos"]
[Result "1/2-1/2"]
[WhiteElo "2410"]
[BlackElo "2155"]
[PlyCount "194"]
[EventDate "2020.09.08"]
[EventType "swiss (blitz)"]
[EventRounds "10"]
[EventCountry "USA"]
[SourceTitle "CBM 198 Extra"]
[Source "ChessBase"]
[SourceDate "2020.11.30"]
[SourceVersion "1"]
[SourceVersionDate "2020.11.30"]
[SourceQuality "1"]

1. d4 d5 2. Nc3 Nf6 3. Bf4 e6 4. Nb5 Na6 5. e3 c6 6. Nc3 Qa5 7. Bd3 Ne4 8. Nge2 Bb4 9. Bxe4 dxe4 10. 0-0 f5 11. a3 Be7 12. b4 Qd8 13. b5 cxb5 14. Nxb5 0-0 15. c4 Bd7 16. Nec3 Bf6 17. Qe2 Qa5 18. Rfc1 Rfd8 19. Rab1 Bc6 20. d5 exd5 21. cxd5 Be8 22. d6 Bf7 23. Nc7 Rab8 24. N3b5 b6 25. Nxa6 Qxa6 26. d7 Ra8 27. Nc7 Qxe2 28. Nxa8 g5 29. Bg3 Ba2 30. Re1 Qc2 31. Rbc1 Qb2 32. Rc8 Be6 33. Rd1 Kf7 34. Nc7 Rxd7 35. Rf1 Bc4 36. Ne8 Bxf1 37. Nxf6 Kxf6 38. h4 Be2 39. Kh2 Ke6 40. hxg5 Bg4 41. Re8+ Re7 42. Rd8 Kf7 43. Rd6 Qe2 44. Bh4 Ke8 45. Rc6 Rd7 46. Rc8+ Rd8 47. Rc7 Rd1 48. g6 hxg6 49. Re7+ Kf8 50. Rxa7 Qe1 51. Be7+ Ke8 52. Bh4 Qh1+ 53. Kg3 Rg1 54. Re7+ Kf8 55. Rh7 Rxg2+ 56. Kf4 Ke8 57. Rh8+ Kd7 58. Rh7+ Kc6 59. Ke5 Rxf2 60. Rh6 Kb5 61. Kf6 Qh2 62. Kg5 Qe5 63. Bxf2 Bf3 64. Bh4 Bh5 65. Rh7 Qe8 66. Kf4 Qb8+ 67. Kg5 Qh2 68. Re7 Qg2+ 69. Kf6 Qa2 70. Re5+ Ka4 71. Be1 b5 72. Bb4 Qb2 73. Ke6 f4 74. Rxe4 Qa2+ 75. Ke7 Kb3 76. Rxf4 Qe2 77. Re4 Qd3 78. Re5 Bg4 79. Bd6 Bf5 80. Rc5 Qxe3+ 81. Re5 Qd4 82. Rxb5+ Ka4 83. Rb4+ Qxb4 84. axb4 Kb5 85. Kf6 Bb1 86. Bf8 Bc2 87. Ke5 Bb1 88. Kd4 Bc2 89. Kc3 Bb1 90. Bh6 Bf5 91. Bg5 Bd7 92. Kb2 Bc8 93. Kc3 Bd7 94. Be7 Bc8 95. Kd4 Bd7 96. Ke5 Bc8 97. Kf6 Bf5 1/2-1/2

[Event "Titled Tuesday intern op 08th Sept"]
[Site "Chess.com INT"]
[Date "2020.09.08"]
[Round "4"]
[White "Kwon, Sehyun"]
[Black "Marin Pincheira, Carlos"]
[Result "1-0"]
[WhiteElo "2194"]
[BlackElo "2155"]
[PlyCount "89"]
[EventDate "2020.09.08"]
[EventType "swiss (blitz)"]
[EventRounds "10"]
[EventCountry "USA"]
[SourceTitle "CBM 198 Extra"]
[Source "ChessBase"]
[SourceDate "2020.11.30"]
[SourceVersion "1"]
[SourceVersionDate "2020.11.30"]
[SourceQuality "1"]

1. Nf3 Nf6 2. c4 e6 3. g3 Be7 4. Bg2 0-0 5. 0-0 d5 6. b3 c5 7. Bb2 Nc6 8. cxd5 Nxd5 9. Nc3 Bf6 10. Qc1 b6 11. Nxd5 exd5 12. d4 c4 13. bxc4 dxc4 14. Qxc4 Na5 15. Qd3 Bb7 16. e4 Rc8 17. Rac1 Qd7 18. e5 Be7 19. Rfd1 Bd5 20. h4 h6 21. Kh2 Qe6 22. Bh3 f5 23. exf6 Qxf6 24. Rxc8 Rxc8 25. Bxc8 Bxf3 26. Re1 Bd5 27. Qe3 Kf8 28. Be6 Bxe6 29. Qxe6 Qxf2+ 30. Kh3 Qf6 31. Qxf6+ Bxf6 32. Rc1 b5 33. Rc7 Nc4 34. Bc3 a5 35. a4 b4 36. Rxc4 bxc3 37. Rxc3 Bxd4 38. Rc6 Be3 39. Kg4 Bd2 40. Kf5 Kf7 41. Rc7+ Kg8 42. Kg6 Kf8 43. Rxg7 h5 44. Rf7+ Ke8 45. Rf5 1-0

[Event "CHI-chT"]
[Site "Santiago de Chile"]
[Date "2019.09.12"]
[Round "2.3"]
[White "Marin Pincheira, Carlos"]
[Black "Rojas Viaje, Carlos Luis"]
[Result "1/2-1/2"]
[WhiteElo "2175"]
[BlackElo "1903"]
[PlyCount "96"]
[EventDate "2019.09.05"]
[EventType "team-swiss"]
[EventRounds "9"]
[EventCountry "CHI"]
[SourceTitle "CBM 193 Extra"]
[Source "ChessBase"]
[SourceDate "2020.01.31"]
[SourceVersion "1"]
[SourceVersionDate "2020.01.31"]
[SourceQuality "1"]
[WhiteTeam "Traslavina Petshop"]
[BlackTeam "Nunoa CC"]
[WhiteTeamCountry "CHI"]
[BlackTeamCountry "CHI"]

1. e4 c5 2. Nf3 Nc6 3. Bb5 Nd4 4. Nxd4 cxd4 5. 0-0 g6 6. f4 Bg7 7. f5 Qa5 8. Bc4 Nf6 9. d3 0-0 10. b4 Qc7 11. Bf4 d6 12. Nd2 Bd7 13. Qf3 Ba4 14. Rac1 Rac8 15. a3 b5 16. Ba2 Qc3 17. Bb3 Bxb3 18. Nxb3 Qb2 19. e5 dxe5 20. Bxe5 Nh5 21. Bxg7 Nxg7 22. fxg6 hxg6 23. Qd5 Rxc2 24. Rb1 Qc3 25. Qxd4 Nf5 26. Qe4 Rd8 27. Nc5 Qd2 28. Rbd1 Qe3+ 29. Kh1 Qxe4 30. dxe4 Rxd1 31. Rxd1 Ne3 32. Rd8+ Kg7 33. h3 Rc1+ 34. Kh2 Nf1+ 35. Kg1 Ne3+ 36. Kf2 Rc3 37. Rb8 Rxa3 38. Rxb5 Nd1+ 39. Kg1 Nc3 40. Rb7 e5 41. Nd7 Ra1+ 42. Kh2 Nxe4 43. Nxe5 Nd6 44. Rd7 Kf6 45. Nc6 Ke6 46. Re7+ Kd5 47. Nxa7 Rb1 48. b5 Rb2 1/2-1/2

[Event "CHI-ch"]
[Site "Santiago de Chile"]
[Date "2015.02.24"]
[Round "5"]
[White "Abarca Gonzalez, Nicolas"]
[Black "Marin Pincheira, Carlos"]
[Result "1-0"]
[WhiteElo "2332"]
[BlackElo "2174"]
[PlyCount "81"]
[EventDate "2015.02.21"]
[EventType "swiss"]
[EventRounds "9"]
[EventCountry "CHI"]
[SourceTitle "CBM 165 Extra"]
[Source "ChessBase"]
[SourceDate "2015.04.21"]
[SourceVersion "1"]
[SourceVersionDate "2015.04.21"]
[SourceQuality "1"]

1. d4 d5 2. Nf3 Nf6 3. Bf4 c6 4. c3 Bg4 5. Ne5 Bf5 6. Nd2 e6 7. e3 Qb6 8. Qb3 Nbd7 9. Be2 Nxe5 10. Bxe5 Nd7 11. Bf4 Be7 12. 0-0 0-0 13. c4 Rfe8 14. Rfc1 Bg6 15. Bg3 f6 16. Bg4 Nf8 17. h4 Bf7 18. h5 Qa5 19. Rc2 dxc4 20. Nxc4 Qg5 21. Bf3 Bxh5 22. Nd2 Bxf3 23. Nxf3 Qb5 24. Qxb5 cxb5 25. Rc7 Rac8 26. Rac1 Rxc7 27. Rxc7 Bd8 28. Rxb7 Bb6 29. Bb8 Rc8 30. Bxa7 Bxa7 31. Rxa7 Rc1+ 32. Kh2 Rc2 33. b3 Rxf2 34. a4 bxa4 35. bxa4 Re2 36. a5 Rxe3 37. a6 Ra3 38. Nd2 Rd3 39. Nc4 Rxd4 40. Rc7 Rd1 41. a7 1-0

[Event "CHI-ch"]
[Site "Santiago de Chile"]
[Date "2015.02.21"]
[Round "1"]
[White "Marin Pincheira, Carlos"]
[Black "Torres Bravo, Cristobal Renato"]
[Result "1-0"]
[WhiteElo "2174"]
[BlackElo "2348"]
[PlyCount "129"]
[EventDate "2015.02.21"]
[EventType "swiss"]
[EventRounds "9"]
[EventCountry "CHI"]
[SourceTitle "CBM 165 Extra"]
[Source "ChessBase"]
[SourceDate "2015.04.21"]
[SourceVersion "1"]
[SourceVersionDate "2015.04.21"]
[SourceQuality "1"]

1. e4 c5 2. Nf3 e6 3. c4 Nf6 4. e5 Ng8 5. b3 d6 6. Bb2 Nc6 7. exd6 Nf6 8. d4 Qxd6 9. Be2 cxd4 10. Nxd4 Nxd4 11. Qxd4 Qxd4 12. Bxd4 Bb4+ 13. Bc3 Bd6 14. Bf3 Rb8 15. Nd2 Ke7 16. 0-0-0 Bd7 17. Rhe1 b5 18. Be2 Rhc8 19. Kb2 Bc6 20. g3 a6 21. f4 g6 22. a3 Bc7 23. cxb5 axb5 24. Bf3 Nd5 25. Bxd5 Bxd5 26. Ne4 Bxe4 27. Rxe4 Bd6 28. Bb4 Bxb4 29. Rxb4 h6 30. Rbd4 Rc7 31. Rc1 Ra7 32. Rc5 Rba8 33. Rxb5 Rxa3 34. Rb7+ Kf6 35. Rdd7 Ra2+ 36. Kc3 Rf8 37. b4 Rxh2 38. b5 Rg2 39. Rd3 Rc8+ 40. Kb4 Rc1 41. Rdd7 Kf5 42. Rxf7+ Ke4 43. Rbe7 Rb2+ 44. Ka5 Ra1+ 45. Kb6 Kd5 46. Rd7+ Kc4 47. Rc7+ Kb4 48. Rf6 Ra5 49. Rc5 Ra8 50. Re5 Rb8+ 51. Kc6 Rc2+ 52. Kd7 Rcc8 53. Kxe6 Rg8 54. Kd5 g5 55. Rxh6 gxf4 56. gxf4 Rg4 57. Ke4 Rf8 58. Rf5 Re8+ 59. Kf3 Rg1 60. b6 Rb8 61. Re6 Kc4 62. Re4+ Kd3 63. Rb4 Rbg8 64. Rg5 Kc3 65. Rxg1 1-0

[Event "CHI-chT Universities"]
[Site "Chile"]
[Date "2009.10.30"]
[Round "7"]
[White "Jeraldo Zepeda, Christian Andres"]
[Black "Marin Pincheira, Carlos"]
[Result "1/2-1/2"]
[WhiteElo "2025"]
[BlackElo "2142"]
[PlyCount "45"]
[EventDate "2009.10.27"]
[EventType "team-swiss"]
[EventRounds "7"]
[EventCountry "CHI"]
[SourceTitle "EXT 2012"]
[Source "ChessBase"]
[SourceDate "2011.11.24"]
[SourceVersion "1"]
[SourceVersionDate "2011.11.24"]
[SourceQuality "1"]

1. e4 c5 2. Nf3 d6 3. d4 cxd4 4. Nxd4 Nf6 5. Nc3 a6 6. Bg5 e6 7. f4 Be7 8. Qf3 h6 9. Bh4 g5 10. fxg5 Nfd7 11. Nxe6 fxe6 12. Qh5+ Kf8 13. Bb5 Rh7 14. 0-0+ Kg8 15. g6 Rg7 16. Qxh6 Bxh4 17. Rf7 Rxf7 18. gxf7+ Kxf7 19. Rf1+ Bf6 20. Qh7+ Kf8 21. Qh8+ Ke7 22. Qh7+ Kf8 23. Qh8+ 1/2-1/2

[Event "Mayor de Chile op"]
[Site "Santiago de Chile"]
[Date "2005.02.23"]
[Round "10"]
[White "Martinez, David"]
[Black "Marin Pincheira, Carlos"]
[Result "1-0"]
[WhiteElo "2077"]
[BlackElo "2221"]
[PlyCount "45"]
[EventDate "2005.02.14"]
[EventType "swiss"]
[EventRounds "11"]
[EventCountry "CHI"]
[SourceTitle "EXT 2006"]
[Source "ChessBase"]
[SourceDate "2005.11.24"]
[SourceVersion "1"]
[SourceVersionDate "2005.11.24"]
[SourceQuality "1"]

1. d4 Nf6 2. c4 e6 3. Nc3 Bb4 4. Qc2 c5 5. e3 Nc6 6. Nf3 0-0 7. a3 cxd4 8. exd4 Be7 9. Bd3 b6 10. 0-0 d5 11. cxd5 exd5 12. Bg5 Bg4 13. Qa4 Bxf3 14. Qxc6 Rc8 15. Qb5 Be4 16. Bxe4 dxe4 17. Rad1 Re8 18. Bxf6 Bxf6 19. Rfe1 Bxd4 20. Ne2 Bxf2+ 21. Kxf2 Qh4+ 22. Kg1 Rcd8 23. Ng3 1-0

[Event "Pan American-ch U16"]
[Site "Bogota"]
[Date "2004.07.27"]
[Round "6"]
[White "Leon Hoyos, Manuel"]
[Black "Marin Pincheira, Carlos"]
[Result "1/2-1/2"]
[WhiteElo "2286"]
[BlackElo "1983"]
[PlyCount "45"]
[EventDate "2004.07.24"]
[EventType "swiss"]
[EventRounds "9"]
[EventCountry "COL"]
[SourceTitle "CBM 101 Extra"]
[Source "ChessBase"]
[SourceDate "2004.09.01"]
[SourceVersion "2"]
[SourceVersionDate "2004.09.01"]
[SourceQuality "1"]

1. e4 c5 2. g3 Nc6 3. Bg2 g6 4. d3 Bg7 5. f4 d6 6. Nf3 e6 7. 0-0 Nge7 8. c3 0-0 9. Be3 Rb8 10. a3 a5 11. a4 b5 12. axb5 Rxb5 13. Rf2 Ba6 14. Na3 Rb8 15. Qc2 Qc7 16. Re1 Rfc8 17. g4 f5 18. Ng5 Nd8 19. exf5 exf5 20. Rfe2 Bf6 21. Bf2 Bxg5 22. fxg5 Nec6 23. gxf5 1/2-1/2

[Event "Pan American-ch U16"]
[Site "Bogota"]
[Date "2004.07.26"]
[Round "4"]
[White "Cabrera, Diego"]
[Black "Marin Pincheira, Carlos"]
[Result "0-1"]
[WhiteElo "2095"]
[BlackElo "1983"]
[PlyCount "62"]
[EventDate "2004.07.24"]
[EventType "swiss"]
[EventRounds "9"]
[EventCountry "COL"]
[SourceTitle "CBM 101 Extra"]
[Source "ChessBase"]
[SourceDate "2004.09.01"]
[SourceVersion "2"]
[SourceVersionDate "2004.09.01"]
[SourceQuality "1"]

1. e4 c5 2. Nf3 d6 3. d4 cxd4 4. Nxd4 Nf6 5. Nc3 a6 6. Bg5 e6 7. f4 Be7 8. Qf3 h6 9. Bh4 g5 10. fxg5 Nfd7 11. Bg3 Ne5 12. Bxe5 dxe5 13. Nb3 hxg5 14. Bd3 Qc7 15. 0-0-0 Nd7 16. Rdf1 Nf6 17. h4 g4 18. Qg3 Bd7 19. Nd1 0-0-0 20. Qe3 Kb8 21. g3 Rhf8 22. Rf2 Nh5 23. Rhf1 f6 24. Rg2 f5 25. exf5 exf5 26. Rgf2 e4 27. Bxe4 fxe4 28. Qxe4 Bd6 29. Qd5 Rxf2 30. Nxf2 Nxg3 31. Rd1 Bf4+ 0-1